[Event "BCF-chT2 2223 (4NCL)"]
[Site "England"]
[Date "2023.02.12"]
[Round "6.51"]
[White "Price, Gwilym"]
[Black "Kolani, Arjun"]
[Result "1-0"]
[WhiteElo "2159"]
[BlackElo "2177"]
[PlyCount "101"]
[EventDate "2022.10.22"]
[EventType "team-tourn"]
[EventRounds "11"]
[EventCountry "ENG"]
[SourceTitle "EXT 2024"]
[Source "ChessBase"]
[SourceDate "2023.10.10"]
[SourceVersion "1"]
[SourceVersionDate "2023.10.10"]
[SourceQuality "1"]
[WhiteTeam "The Sharks II"]
[BlackTeam "Sussex Martlets"]
[WhiteTeamCountry "ENG"]
[BlackTeamCountry "ENG"]

1. e4 e5 2. Nc3 Nf6 3. Bc4 Nc6 4. d3 Bc5 5. f4 d6 6. Nf3 exf4 7. Bxf4 0-0 8. Bg5 h6 9. Bh4 Bg4 10. h3 Bxf3 11. Qxf3 Nd4 12. Qd1 b5 13. Nxb5 Nxb5 14. Bxb5 Rb8 15. Bc4 d5 16. Bb3 Re8 17. Qe2 g5 18. Bf2 Bb4+ 19. c3 Nxe4 20. dxe4 Rxe4 21. Qxe4 dxe4 22. cxb4 Qd3 23. Rd1 Qb5 24. Bc5 e3 25. Rd4 e2 26. Bc4 Qc6 27. Bxe2 Qxg2 28. Rf1 Re8 29. Rd2 f5 30. Rxf5 Qxh3 31. Rf1 Qg2 32. Kd1 Qe4 33. Bd3 Qg4+ 34. Kc2 Kg7 35. Rdf2 Rd8 36. Rf7+ Kg8 37. Rf8+ Rxf8 38. Rxf8+ Kg7 39. Rf2 Qg3 40. Bd4+ Kg8 41. Bc4+ Kh7 42. Bd3+ Kg8 43. Bc4+ Kh7 44. Rf7+ Kg6 45. Rf6+ Kh5 46. Be2+ g4 47. Rf5+ Kg6 48. Bd3 Qh4 49. Kb3 h5 50. Rf8+ Kh6 51. Bf6 1-0

[Event "Leamington Spa 4NCL op-A 28th"]
[Site "Leamington Spa"]
[Date "2022.07.08"]
[Round "1"]
[White "Bill, Vincenz"]
[Black "Kolani, Arjun"]
[Result "0-1"]
[WhiteElo "1098"]
[BlackElo "2003"]
[PlyCount "66"]
[EventDate "2022.07.08"]
[EventType "swiss"]
[EventRounds "5"]
[EventCountry "ENG"]
[SourceTitle "CBM 209 Extra"]
[Source "ChessBase"]
[SourceDate "2022.09.30"]
[SourceVersion "1"]
[SourceVersionDate "2022.09.30"]
[SourceQuality "1"]

1. d4 Nf6 2. c4 g6 3. Nc3 d5 4. cxd5 Nxd5 5. e4 Nxc3 6. bxc3 Bg7 7. Nf3 c5 8. Be2 0-0 9. Rb1 cxd4 10. cxd4 Qa5+ 11. Qd2 Qxd2+ 12. Bxd2 b6 13. 0-0 Bb7 14. Bd3 e6 15. Rbc1 Nc6 16. d5 exd5 17. exd5 Ne5 18. Nxe5 Bxe5 19. Rfe1 f6 20. Rxe5 fxe5 21. d6 Bd5 22. Rc7 Rf7 23. Bg5 Rxc7 24. dxc7 a5 25. Bb5 a4 26. Bxa4 Be6 27. Bb5 Rxa2 28. h3 Rc2 29. Bd8 Rc1+ 30. Kh2 Rc5 31. Bd3 b5 32. Be4 b4 33. Bb1 b3 0-1

[Event "BCF-chT 2122 (4NCL)"]
[Site "England"]
[Date "2022.05.02"]
[Round "9.72"]
[White "Powierski, Emil"]
[Black "Kolani, Arjun"]
[Result "1-0"]
[WhiteElo "2312"]
[BlackElo "1913"]
[PlyCount "43"]
[EventDate "2021.11.27"]
[EventType "team-swiss"]
[EventRounds "11"]
[EventCountry "ENG"]
[SourceTitle "EXT 2023"]
[Source "ChessBase"]
[SourceDate "2022.10.05"]
[SourceVersion "1"]
[SourceVersionDate "2022.10.05"]
[SourceQuality "1"]
[WhiteTeam "Oxford"]
[BlackTeam "Sussex Martlets"]
[WhiteTeamCountry "ENG"]
[BlackTeamCountry "ENG"]

1. e4 e5 2. Nf3 Nc6 3. Bb5 a6 4. Ba4 Nf6 5. 0-0 b5 6. Bb3 Bc5 7. a4 Rb8 8. axb5 axb5 9. Nxe5 Nxe5 10. d4 Bxd4 11. Qxd4 d6 12. f4 Nc6 13. Qc3 Bb7 14. e5 Ne4 15. Qe3 Ne7 16. Nc3 Nf5 17. Qd3 c5 18. Qxb5+ Qd7 19. Bxf7+ Ke7 20. Nd5+ Bxd5 21. Qxd7+ Kxd7 22. Bxd5 1-0

[Event "BCF-chT 2122 (4NCL)"]
[Site "England"]
[Date "2022.04.30"]
[Round "7.65"]
[White "Palliser, Richard"]
[Black "Kolani, Arjun"]
[Result "0-1"]
[WhiteElo "2413"]
[BlackElo "1913"]
[PlyCount "56"]
[EventDate "2021.11.27"]
[EventType "team-swiss"]
[EventRounds "11"]
[EventCountry "ENG"]
[SourceTitle "EXT 2023"]
[Source "ChessBase"]
[SourceDate "2022.10.05"]
[SourceVersion "1"]
[SourceVersionDate "2022.10.05"]
[SourceQuality "1"]
[WhiteTeam "Chessable White Rose"]
[BlackTeam "Sussex Martlets"]
[WhiteTeamCountry "ENG"]
[BlackTeamCountry "ENG"]

1. d4 Nf6 2. c4 g6 3. h4 Bg7 4. Nc3 d5 5. h5 Nxh5 6. cxd5 c6 7. e4 cxd5 8. e5 Bf8 9. Qb3 Nc6 10. Nf3 Ng7 11. Qxd5 Bg4 12. Qb5 Qd7 13. d5 Bxf3 14. gxf3 Nxe5 15. Qe2 f6 16. f4 Nf7 17. Ne4 0-0-0 18. Bg2 Nd6 19. Be3 Kb8 20. Nc5 Qb5 21. Qd2 Nc4 22. Bf1 Qxc5 23. Bxc4 Qxc4 24. Bxa7+ Ka8 25. Qa5 Rxd5 26. Bc5+ Qa6 27. Qc7 Qe6+ 28. Kf1 Qc6 0-1

[Event "BCF-chT 2122 (4NCL)"]
[Site "England"]
[Date "2022.02.12"]
[Round "3.78"]
[White "Jackson, Carl"]
[Black "Kolani, Arjun"]
[Result "0-1"]
[WhiteElo "1979"]
[BlackElo "1913"]
[PlyCount "72"]
[EventDate "2021.11.27"]
[EventType "team-swiss"]
[EventRounds "11"]
[EventCountry "ENG"]
[SourceTitle "EXT 2023"]
[Source "ChessBase"]
[SourceDate "2022.10.05"]
[SourceVersion "1"]
[SourceVersionDate "2022.10.05"]
[SourceQuality "1"]
[WhiteTeam "Gonzaga"]
[BlackTeam "Sussex Martlets"]
[WhiteTeamCountry "ENG"]
[BlackTeamCountry "ENG"]

1. b3 Nf6 2. Bb2 e6 3. Nf3 d5 4. c4 Be7 5. g3 0-0 6. Bg2 b6 7. 0-0 Bb7 8. d4 Nbd7 9. Nc3 Ne4 10. Nxe4 dxe4 11. Nd2 f5 12. Qc2 c5 13. Rfd1 Qc7 14. e3 Bf6 15. Nf1 Rad8 16. Qe2 Nb8 17. Rac1 Nc6 18. dxc5 Bxb2 19. Qxb2 bxc5 20. Nd2 Ne5 21. Bf1 g5 22. Qc2 Rd7 23. Be2 Rdf7 24. Rf1 Rd8 25. f4 exf3 26. Nxf3 Ng4 27. Qc3 Bxf3 28. Bxf3 Ne5 29. Bh5 Rfd7 30. Rcd1 g4 31. Rxd7 Rxd7 32. e4 Rd3 33. Qc1 Nf3+ 34. Rxf3 gxf3 35. exf5 Qd8 36. Kf2 Qd4+ 0-1

[Event "UK Challenge Terafinal U14"]
[Site "Blenheim"]
[Date "2021.10.10"]
[Round "9"]
[White "Buanne, Luca"]
[Black "Kolani, Arjun"]
[Result "0-1"]
[WhiteElo "1617"]
[BlackElo "1480"]
[PlyCount "70"]
[EventDate "2021.10.09"]
[EventType "tourn (rapid)"]
[EventRounds "11"]
[EventCountry "ENG"]
[SourceTitle "EXT 2023"]
[Source "ChessBase"]
[SourceDate "2022.10.05"]
[SourceVersion "1"]
[SourceVersionDate "2022.10.05"]
[SourceQuality "1"]

1. d4 Nf6 2. c4 g6 3. Nc3 d5 4. cxd5 Nxd5 5. e4 Nxc3 6. bxc3 Bg7 7. Bc4 c5 8. Ne2 Nc6 9. Be3 0-0 10. 0-0 Bg4 11. f3 Bd7 12. Bb3 Rc8 13. Qd2 Qa5 14. d5 Ne5 15. c4 Qxd2 16. Bxd2 b5 17. Bc3 bxc4 18. Bc2 f5 19. f4 Ng4 20. e5 Ne3 21. Rfc1 Nxd5 22. a3 g5 23. g3 gxf4 24. gxf4 Bh6 25. Rf1 Ne3 26. Rfc1 Bc6 27. Kf2 Ng4+ 28. Kg3 e6 29. Rg1 Kh8 30. Bd2 Rg8 31. Kh3 Bf3 32. Rge1 Nf2+ 33. Kh4 Rg4+ 34. Kh5 Rg3+ 35. Kxh6 Rg6# 0-1

[Event "ENG-ch U14"]
[Site "Milton Keynes"]
[Date "2021.10.02"]
[Round "3"]
[White "Kolani, Arjun"]
[Black "Madhavan, Sanjith1111"]
[Result "1/2-1/2"]
[WhiteElo "1770"]
[BlackElo "1498"]
[PlyCount "38"]
[EventDate "2021.10.02"]
[EventType "swiss"]
[EventRounds "5"]
[EventCountry "ENG"]
[SourceTitle "EXT 2023"]
[Source "ChessBase"]
[SourceDate "2022.10.05"]
[SourceVersion "1"]
[SourceVersionDate "2022.10.05"]
[SourceQuality "1"]

1. e4 c6 2. Nf3 d5 3. Nc3 dxe4 4. Nxe4 Nf6 5. Qe2 Nxe4 6. Qxe4 Qd5 7. Qh4 Qe6+ 8. Be2 Qg4 9. Qg3 Qxg3 10. hxg3 Bf5 11. d3 Nd7 12. Bf4 0-0-0 13. 0-0-0 e5 14. Bxe5 Re8 15. Bf4 Rxe2 16. Nd4 Rxf2 17. Be3 Rxg2 18. Nxf5 g6 19. Bd4 f6 1/2-1/2

[Event "GBR-ch Online"]
[Site "Chess.com INT"]
[Date "2021.08.04"]
[Round "6"]
[White "Kolani, Arjun"]
[Black "Verma, Shlok"]
[Result "0-1"]
[WhiteElo "1770"]
[BlackElo "1724"]
[PlyCount "110"]
[EventDate "2021.07.30"]
[EventType "swiss"]
[EventRounds "9"]
[EventCountry "ENG"]
[SourceTitle "CBM 203 Extra"]
[Source "ChessBase"]
[SourceDate "2021.09.30"]
[SourceVersion "1"]
[SourceVersionDate "2021.09.30"]
[SourceQuality "1"]

1. e4 e6 2. d4 d5 3. Nc3 Nf6 4. e5 Nfd7 5. f4 c5 6. Nf3 Nc6 7. Be3 a6 8. Qd2 b5 9. Be2 Qb6 10. Nd1 cxd4 11. Nxd4 Nxd4 12. Bxd4 Bc5 13. c3 Bxd4 14. cxd4 0-0 15. Ne3 Bb7 16. 0-0 f6 17. Kh1 fxe5 18. fxe5 Rxf1+ 19. Bxf1 Rf8 20. g3 a5 21. Ng2 Rc8 22. Nf4 b4 23. Bh3 Nf8 24. Rf1 Qc6 25. Qf2 Ba6 26. Nd3 h6 27. Qf7+ Kh8 28. Rc1 Qxc1+ 29. Nxc1 Rxc1+ 30. Kg2 Bf1+ 31. Kf2 Bxh3 32. Qxf8+ Kh7 33. Qd8 Rc2+ 34. Ke3 Rxh2 35. Qh4 Rh1 36. g4 Bg2 37. Qe7 Be4 38. Qxe6 Rh3+ 39. Kf2 Rh2+ 40. Kg3 Rg2+ 41. Kh3 Rxb2 42. Qb6 Rxa2 43. e6 Re2 44. Qxa5 b3 45. Qb5 b2 46. Qxe2 b1Q 47. e7 Qb8 48. Qa6 Qb3+ 49. Kh2 Qc2+ 50. Kg3 Qc3+ 51. Kf4 Qd2+ 52. Ke5 Qg5+ 53. Kd6 Qf6+ 54. Kd7 Qxa6 55. e8Q Qb5+ 0-1

[Event "GBR-ch Online"]
[Site "Chess.com INT"]
[Date "2021.08.03"]
[Round "5"]
[White "Hebden, Mark"]
[Black "Kolani, Arjun"]
[Result "1/2-1/2"]
[WhiteElo "2453"]
[BlackElo "1770"]
[PlyCount "174"]
[EventDate "2021.07.30"]
[EventType "swiss"]
[EventRounds "9"]
[EventCountry "ENG"]
[SourceTitle "CBM 203 Extra"]
[Source "ChessBase"]
[SourceDate "2021.09.30"]
[SourceVersion "1"]
[SourceVersionDate "2021.09.30"]
[SourceQuality "1"]

1. d4 Nf6 2. Nf3 g6 3. g3 Bg7 4. Bg2 d5 5. 0-0 0-0 6. c4 c6 7. b3 dxc4 8. bxc4 c5 9. Bb2 cxd4 10. Nxd4 Qb6 11. Qb3 Nfd7 12. Rd1 Nc6 13. e3 Na5 14. Qxb6 Nxb6 15. c5 Na4 16. Bc3 Nc4 17. c6 bxc6 18. Bxc6 Nxc3 19. Nxc3 Rb8 20. Nd5 e5 21. Nb5 Bg4 22. Rdc1 Nd2 23. Rc2 e4 24. Rac1 Nf3+ 25. Kg2 Ne5 26. Nxa7 Bf3+ 27. Kg1 Nd3 28. Rf1 Rfd8 29. a4 Rb2 30. Rxb2 Nxb2 31. a5 Nd3 32. Rb1 Nc5 33. Nc8 Kf8 34. Ncb6 Be2 35. Rb5 Bxb5 36. Bxb5 Be5 37. a6 Bb8 38. Nf6 Ke7 39. Nfd5+ Kd6 40. Nb4 Kc7 41. N6d5+ Kd6 42. Nc6 Rc8 43. Nxb8 Rxb8 44. a7 Ra8 45. Nb6 Rxa7 46. Nc8+ Kc7 47. Nxa7 Kb6 48. Nc8+ Kxb5 49. Nd6+ Kc6 50. Nxf7 Kd5 51. g4 h5 52. gxh5 gxh5 53. Kg2 Ke6 54. Ng5+ Kf5 55. Nh3 Nd3 56. Kg3 Ne5 57. Nf4 Kg5 58. h4+ Kh6 59. Nd5 Nd3 60. Nf6 Nc5 61. Kf4 Nd3+ 62. Kxe4 Nxf2+ 63. Kf5 Nd3 64. e4 Ne1 65. Kf4 Nd3+ 66. Kg3 Ne5 67. Nd5 Kg6 68. Nf4+ Kh6 69. Kf2 Ng4+ 70. Ke2 Ne5 71. Ke3 Nc6 72. Nd3 Kg6 73. Kf4 Nd4 74. Ne1 Kf6 75. Ke3 Nc6 76. Nd3 Ne7 77. Ne1 Ng6 78. Nf3 Ke6 79. Kd4 Nf4 80. e5 Kf5 81. Ng5 Ng6 82. e6 Kf6 83. Kd5 Nxh4 84. Ne4+ Ke7 85. Ng3 Ng6 86. Nxh5 Nf8 87. Nf4 Nxe6 1/2-1/2

[Event "Gibraltar U12 op"]
[Site "Caleta"]
[Date "2019.08.18"]
[Round "5"]
[White "Martinez Soriano, Pablo"]
[Black "Kolani, Arjun"]
[Result "0-1"]
[WhiteElo "1724"]
[BlackElo "1672"]
[PlyCount "74"]
[EventDate "2019.08.16"]
[EventType "swiss"]
[EventRounds "6"]
[EventCountry "GGB"]
[SourceTitle "CBM 195 Extra"]
[Source "ChessBase"]
[SourceDate "2020.05.31"]
[SourceVersion "1"]
[SourceVersionDate "2020.05.31"]
[SourceQuality "1"]

1. e4 e5 2. Nf3 Nc6 3. Bc4 Bc5 4. c3 Nf6 5. d4 exd4 6. cxd4 Bb4+ 7. Bd2 Nxe4 8. Bxf7+ Kxf7 9. Qb3+ Kf8 10. Bxb4+ Nxb4 11. Qxb4+ Qe7 12. Qxe7+ Kxe7 13. Nc3 Nxc3 14. bxc3 d6 15. Kd2 Bf5 16. Rhe1+ Kd7 17. Re3 Rae8 18. Rae1 b5 19. d5 Rxe3 20. Kxe3 Re8+ 21. Kd4 Rf8 22. Nd2 Bg6 23. f3 Rf5 24. Ne4 Bf7 25. c4 bxc4 26. Nc3 c6 27. Kxc4 Bxd5+ 28. Nxd5 Rxd5 29. Rb1 Kc7 30. Re1 Re5 31. Rxe5 dxe5 32. Kc5 g5 33. g4 Kd7 34. a3 Kc7 35. a4 a5 36. Kc4 Kd6 37. h3 h6 0-1

[Event "EU-ch U12"]
[Site "Bratislava"]
[Date "2019.08.08"]
[Round "7"]
[White "Sokolovskis, Pavels"]
[Black "Kolani, Arjun"]
[Result "0-1"]
[WhiteElo "1473"]
[BlackElo "1672"]
[PlyCount "64"]
[EventDate "2019.08.02"]
[EventType "swiss"]
[EventRounds "9"]
[EventCountry "SVK"]
[SourceTitle "EXT 2020"]
[Source "ChessBase"]
[SourceDate "2019.10.17"]
[SourceVersion "1"]
[SourceVersionDate "2019.10.17"]
[SourceQuality "1"]

1. d4 Nf6 2. Bf4 d5 3. e3 c5 4. Nc3 cxd4 5. exd4 a6 6. Nf3 Nc6 7. Na4 Bg4 8. c3 e6 9. h3 Bh5 10. g4 Bg6 11. Ne5 Bd6 12. h4 Qc7 13. Qe2 Be4 14. f3 Bxe5 15. Bxe5 Nxe5 16. dxe5 Qxe5 17. fxe4 Qg3+ 18. Kd1 Nxe4 19. Rh2 b5 20. Nb6 Rb8 21. a4 Rxb6 22. axb5 Rxb5 23. Rxa6 Rb8 24. h5 0-0 25. Rg2 Qf4 26. g5 Nxc3+ 27. bxc3 Rb1+ 28. Kc2 Rc1+ 29. Kb2 Rb8+ 30. Ka2 Ra1+ 31. Kxa1 Qc1+ 32. Ka2 Qb1+ 0-1

[Event "Basingstoke 4NCL Spring Bank 2nd U2050"]
[Site "Basingstoke"]
[Date "2019.05.27"]
[Round "6"]
[White "Kolani, Arjun"]
[Black "Redmond, Michael F"]
[Result "1-0"]
[WhiteElo "1671"]
[BlackElo "1686"]
[PlyCount "107"]
[EventDate "2019.05.24"]
[EventType "swiss"]
[EventRounds "7"]
[EventCountry "ENG"]
[SourceTitle "EXT 2020"]
[Source "ChessBase"]
[SourceDate "2019.10.17"]
[SourceVersion "1"]
[SourceVersionDate "2019.10.17"]
[SourceQuality "1"]

1. e4 c6 2. c4 g6 3. d4 d6 4. Nc3 Bg7 5. Be3 Nd7 6. Qd2 h5 7. 0-0-0 Qa5 8. Kb1 a6 9. f4 Nh6 10. h3 b5 11. Nf3 bxc4 12. Bxc4 Nb6 13. Bb3 f5 14. e5 Nf7 15. d5 c5 16. Na4 Qxd2 17. Bxd2 Rb8 18. Nxb6 Rxb6 19. Ba5 Rb8 20. Ba4+ Kf8 21. Rhe1 Kg8 22. Rd2 g5 23. e6 Nh6 24. fxg5 Ng4 25. hxg4 hxg4 26. Ng1 Rh1 27. Red1 Bd4 28. Ne2 Rxd1+ 29. Bxd1 Be3 30. Rd3 Bxg5 31. g3 c4 32. Ra3 Bf6 33. Bc3 Kg7 34. Bc2 Kg6 35. Bxf6 Kxf6 36. Nf4 Bb7 37. Rc3 Rh8 38. a3 Rh1+ 39. Ka2 Ke5 40. Rxc4 Rg1 41. Nd3+ Kf6 42. Nf4 Ke5 43. Rc3 Rf1 44. Ng6+ Kf6 45. Nxe7 Rf3 46. Rc7 Bxd5+ 47. Nxd5+ Kxe6 48. Bb3 Ke5 49. Rc3 Kd4 50. Nf4 a5 51. Ne6+ Ke5 52. Nf4 Kd4 53. Bd5 Rxf4 54. Rc4+ 1-0

[Event "Stevenage 4NCL Easter op U2050"]
[Site "Stevenage"]
[Date "2019.04.21"]
[Round "4"]
[White "Kolani, Arjun"]
[Black "Slinger, Tony J"]
[Result "1/2-1/2"]
[WhiteElo "1598"]
[BlackElo "1859"]
[PlyCount "47"]
[EventDate "2019.04.19"]
[EventType "swiss"]
[EventRounds "7"]
[EventCountry "ENG"]
[SourceTitle "CBM 190 Extra"]
[Source "ChessBase"]
[SourceDate "2019.07.15"]
[SourceVersion "1"]
[SourceVersionDate "2019.07.15"]
[SourceQuality "1"]

1. e4 e6 2. d4 d5 3. Nc3 Bb4 4. exd5 Qxd5 5. Nf3 Nf6 6. Bd3 0-0 7. 0-0 Qa5 8. Ne4 Be7 9. c3 Nbd7 10. Re1 c6 11. Bc2 Re8 12. Qd3 Nf8 13. h4 Qd8 14. Nxf6+ Bxf6 15. Bg5 b6 16. Re3 Bb7 17. Bxf6 Qxf6 18. Ng5 Qh6 19. Ne4 Rad8 20. Rg3 c5 21. Qe3 Qxe3 22. fxe3 Bxe4 23. Bxe4 Re7 24. Bc6 1/2-1/2

[Event "Hastings Masters op 94th"]
[Site "Hastings"]
[Date "2018.12.31"]
[Round "4"]
[White "Kolani, Arjun"]
[Black "Armstrong, Malcolm J"]
[Result "0-1"]
[WhiteElo "1533"]
[BlackElo "2052"]
[PlyCount "82"]
[EventDate "2018.12.28"]
[EventType "swiss"]
[EventRounds "10"]
[EventCountry "ENG"]
[SourceTitle "CBM 188 Extra"]
[Source "ChessBase"]
[SourceDate "2019.02.26"]
[SourceVersion "1"]
[SourceVersionDate "2019.02.26"]
[SourceQuality "1"]

1. e4 c6 2. c4 d5 3. exd5 cxd5 4. cxd5 Nf6 5. Nc3 Nxd5 6. Nf3 Nc6 7. Bb5 e6 8. d4 Be7 9. 0-0 0-0 10. Bd3 Bf6 11. Bb1 g6 12. Bh6 Nxc3 13. bxc3 Re8 14. Nd2 e5 15. d5 Qxd5 16. Ne4 Qe6 17. a3 Rd8 18. Qf3 Be7 19. Ng5 Qf6 20. Qxf6 Bxf6 21. Ba2 Bxg5 22. Bxg5 Re8 23. Rfd1 Be6 24. Bxe6 Rxe6 25. Rd7 f6 26. Bh6 Re7 27. Rd6 Kf7 28. Be3 Na5 29. Rad1 Nc4 30. Rd7 Nxe3 31. fxe3 Rc8 32. R1d3 Rc7 33. Rxc7 Rxc7 34. e4 Ke6 35. Kf2 Rc4 36. Ke3 Ra4 37. Rd8 Rxa3 38. Kd3 Ra2 39. Re8+ Kd6 40. Rh8 h5 41. Rh7 b6 0-1